000 00851nam a22002177a 4500
999 _c146182
_d146182
005 20181124125931.0
010 _a1718EN-30 ENG-121819 B-688183-191
020 _c500.00
_a9788126045655
035 _aEN-105351
035 _aB-688183-191
037 _bSahitya Akadmi
_adpl
082 _aN
100 _aPrabhakar, Vishnu
245 _aArdhanarishwar /
_cby Vishnu Prabhakar; translated by Shrikant Khare
260 _aNew Delhi
_bSahitya Academi
_c2017
270 _bNew Delhi
_arabindra bhawan, 35, firoz shah marg
_e110001
300 _a512p.
_c21cm(Hb)
700 _aKhare, Shrikant
_923015
942 _2ddc
_cEN
_hN
_mPRA